[Event "WchT Seniors 65"]
[Site "Struga"]
[Date "2023.09.24"]
[Round "6.4"]
[White "Orlova, Liubov"]
[Black "Goldman, Astra"]
[Result "1/2-1/2"]
[WhiteElo "1921"]
[BlackElo "1997"]
[PlyCount "71"]
[EventDate "2023.09.19"]
[EventType "team-swiss"]
[EventRounds "9"]
[EventCountry "MKD"]
[SourceTitle "EXT 2024"]
[Source "ChessBase"]
[SourceDate "2023.10.10"]
[SourceVersion "1"]
[SourceVersionDate "2023.10.10"]
[SourceQuality "1"]
[WhiteTeam "Germany 65 (W)"]
[BlackTeam "Latvia 65 (W)"]
[WhiteTeamCountry "GER"]
[BlackTeamCountry "LAT"]

1. d4 Nf6 2. Nf3 e6 3. c4 Bb4+ 4. Bd2 c5 5. e3 0-0 6. Be2 Nc6 7. 0-0 d6 8. a3 Bxd2 9. Nbxd2 b6 10. Qc2 Qc7 11. Rac1 a5 12. Rfd1 Bb7 13. Nf1 Ne7 14. Ng3 Rac8 15. Qd3 Rfd8 16. Qb1 g6 17. Nd2 Kg7 18. Bf3 Ba6 19. Nge4 Nxe4 20. Bxe4 Ng8 21. Bf3 Nf6 22. b3 Qe7 23. Qb2 Rc7 24. Nf1 Rdc8 25. Ng3 Kg8 26. Qd2 Ne8 27. dxc5 dxc5 28. Qc3 Bb7 29. Bxb7 Rxb7 30. Rd2 Rd8 31. Rcd1 Rbd7 32. f3 Rxd2 33. Rxd2 Rxd2 34. Qxd2 Qd6 35. Ne4 Qxd2 36. Nxd2 1/2-1/2

[Event "EU-chT Seniors 65"]
[Site "Swidnica"]
[Date "2023.07.17"]
[Round "6.9"]
[White "Petanjek, Zvonko"]
[Black "Orlova, Liubov"]
[Result "0-1"]
[WhiteElo "1595"]
[BlackElo "1990"]
[PlyCount "80"]
[EventDate "2023.07.12"]
[EventType "team-swiss"]
[EventRounds "9"]
[EventCountry "POL"]
[SourceTitle "CBM 215 Extra"]
[Source "ChessBase"]
[SourceDate "2023.09.30"]
[SourceVersion "1"]
[SourceVersionDate "2023.09.30"]
[SourceQuality "1"]
[WhiteTeam "Mursko Sredisce 65"]
[BlackTeam "Germany (Women) 65"]
[WhiteTeamCountry "CRO"]
[BlackTeamCountry "GER"]

1. e4 d6 2. h3 g6 3. d3 Bg7 4. c3 Nf6 5. Bg5 Nbd7 6. Nf3 c6 7. Nbd2 Qc7 8. Be2 a5 9. 0-0 h6 10. Bf4 0-0 11. Rb1 b5 12. a3 Nh5 13. Bh2 Nhf6 14. Bg3 Ba6 15. d4 e5 16. Qc2 Nh5 17. Bh2 Nf4 18. Bxf4 exf4 19. Rfe1 c5 20. d5 Qd8 21. c4 b4 22. a4 Re8 23. Bd3 Be5 24. b3 Qf6 25. Be2 Bc3 26. Rf1 Qg7 27. Nh2 f5 28. Bd3 Bxd2 29. Qxd2 fxe4 30. Bc2 g5 31. Qe2 Nf6 32. Ng4 Nxg4 33. hxg4 e3 34. Bf5 Bc8 35. Bd3 exf2+ 36. Qxf2 Bxg4 37. Rfe1 Kf8 38. Rxe8+ Rxe8 39. Kf1 Re3 40. Qd2 Qd4 0-1

[Event "EU-chT Seniors 65"]
[Site "Swidnica"]
[Date "2023.07.15"]
[Round "4.8"]
[White "Orlova, Liubov"]
[Black "Andersson, Finn"]
[Result "0-1"]
[WhiteElo "1990"]
[BlackElo "1709"]
[PlyCount "118"]
[EventDate "2023.07.12"]
[EventType "team-swiss"]
[EventRounds "9"]
[EventCountry "POL"]
[SourceTitle "CBM 215 Extra"]
[Source "ChessBase"]
[SourceDate "2023.09.30"]
[SourceVersion "1"]
[SourceVersionDate "2023.09.30"]
[SourceQuality "1"]
[WhiteTeam "Germany (Women) 65"]
[BlackTeam "Denmark 65"]
[WhiteTeamCountry "GER"]
[BlackTeamCountry "DEN"]

1. d4 Nf6 2. c4 c6 3. Nc3 d6 4. Nf3 g6 5. g3 Bg7 6. Bg2 0-0 7. 0-0 Nbd7 8. Qc2 Qc7 9. b3 Re8 10. Bb2 e5 11. dxe5 dxe5 12. e4 a5 13. Rad1 Nc5 14. Bc1 Bg4 15. h3 Bxf3 16. Bxf3 Ne6 17. Ne2 Rad8 18. Be3 Re7 19. Bg4 Nxg4 20. hxg4 Red7 21. Kg2 Rxd1 22. Rxd1 Rxd1 23. Qxd1 Nd4 24. Bxd4 exd4 25. Nf4 Qd6 26. Nd3 c5 27. Nf4 Qc6 28. Nd5 Qe6 29. Qf3 Be5 30. Qe2 Bd6 31. f4 f6 32. Kf3 Kg7 33. Qd3 g5 34. Qd2 h5 35. gxh5 Qh3 36. e5 Qxh5+ 37. Kg2 fxe5 38. fxg5 Qg6 39. g4 Qe4+ 40. Kg3 Qh1 41. Qg2 e4+ 42. Kf2 e3+ 43. Kf3 Qxg2+ 44. Kxg2 Kg6 45. Nf6 Be7 46. Ne4 b6 47. Kf3 Bxg5 48. Ke2 Bf4 49. Kd3 Kf7 50. Ke2 Ke6 51. a3 Ke5 52. Kd3 e2 53. Nd2 Bxd2 54. Kxd2 Kf4 55. Kxe2 Kxg4 56. Kd3 Kf4 57. b4 axb4 58. axb4 Ke5 59. bxc5 bxc5 0-1

[Event "EU-chT Seniors 65"]
[Site "Swidnica"]
[Date "2023.07.14"]
[Round "3.6"]
[White "Pietrzak, Janusz"]
[Black "Orlova, Liubov"]
[Result "1/2-1/2"]
[WhiteElo "1887"]
[BlackElo "1990"]
[PlyCount "23"]
[EventDate "2023.07.12"]
[EventType "team-swiss"]
[EventRounds "9"]
[EventCountry "POL"]
[SourceTitle "CBM 215 Extra"]
[Source "ChessBase"]
[SourceDate "2023.09.30"]
[SourceVersion "1"]
[SourceVersionDate "2023.09.30"]
[SourceQuality "1"]
[WhiteTeam "Warsaw 65"]
[BlackTeam "Germany (Women) 65"]
[WhiteTeamCountry "POL"]
[BlackTeamCountry "GER"]

1. e4 c6 2. d4 d5 3. e5 Bf5 4. Nc3 e6 5. Nge2 Nd7 6. Ng3 Bg6 7. h4 h5 8. Be2 c5 9. Be3 a6 10. dxc5 Bxc5 11. Bxc5 Nxc5 12. f4 1/2-1/2

[Event "EUR-chT Seniors 65"]
[Site "Prague"]
[Date "2021.09.05"]
[Round "7.2"]
[White "Orlova, Liubov"]
[Black "Hort, Vlastimil"]
[Result "0-1"]
[WhiteElo "1988"]
[BlackElo "2385"]
[PlyCount "136"]
[EventDate "2021.08.30"]
[EventType "team-swiss"]
[EventRounds "9"]
[EventCountry "CZE"]
[SourceTitle "CBM 204 Extra"]
[Source "ChessBase"]
[SourceDate "2021.11.30"]
[SourceVersion "1"]
[SourceVersionDate "2021.11.30"]
[SourceQuality "1"]
[WhiteTeam "Germany (Women) 65"]
[BlackTeam "Germany 65"]
[WhiteTeamCountry "GER"]
[BlackTeamCountry "GER"]

1. Nf3 g6 2. c4 Bg7 3. d4 Nf6 4. Nc3 d5 5. e3 0-0 6. Bd3 c6 7. 0-0 Be6 8. b3 Bf5 9. Bb2 Bxd3 10. Qxd3 e6 11. Rad1 Nbd7 12. e4 dxe4 13. Nxe4 Nxe4 14. Qxe4 Qa5 15. a3 Rfd8 16. Qc2 Rac8 17. Rfe1 b5 18. Bc3 Qa6 19. Bb4 bxc4 20. bxc4 Nb6 21. c5 Nd5 22. Qe4 Rb8 23. Ng5 Re8 24. Qf3 Re7 25. Qg3 Rbb7 26. Bd2 Qa4 27. Qh4 Nf6 28. Nf3 Red7 29. Bg5 Nd5 30. Rb1 Rb3 31. Nd2 Rxb1 32. Rxb1 h5 33. Rb8+ Kh7 34. Nb3 Qa6 35. g4 Rb7 36. Rxb7 Qxb7 37. Nd2 f6 38. Be3 Qb2 39. Nf1 Qe2 40. gxh5 Qxh5 41. Qxh5+ gxh5 42. Kg2 Kg6 43. Nd2 f5 44. Kf3 e5 45. dxe5 Bxe5 46. Nf1 f4 47. Bc1 Bd4 48. Bxf4 Nxf4 49. Kxf4 Bxf2 50. Nd2 Bxc5 51. Nc4 Kf6 52. h3 Ke6 53. Ke4 Be7 54. a4 Bf6 55. Na5 Kd6 56. Nb7+ Kc7 57. Nc5 Be7 58. Kd4 Bxc5+ 59. Kxc5 h4 60. Kc4 Kd6 61. Kd4 c5+ 62. Kc4 Kc6 63. Kc3 Kd5 64. Kd3 c4+ 65. Kd2 Kc5 66. Kc2 Kb4 67. a5 Kxa5 68. Kc3 Kb5 0-1

[Event "GER-ch Seniors 65 31st"]
[Site "Radebeul"]
[Date "2019.05.02"]
[Round "7"]
[White "Hadlich, Winfried"]
[Black "Orlova, Liubov"]
[Result "1-0"]
[WhiteElo "1854"]
[BlackElo "1988"]
[PlyCount "120"]
[EventDate "2019.04.26"]
[EventType "swiss"]
[EventRounds "9"]
[EventCountry "GER"]
[SourceTitle "CBM 190 Extra"]
[Source "ChessBase"]
[SourceDate "2019.07.15"]
[SourceVersion "1"]
[SourceVersionDate "2019.07.15"]
[SourceQuality "1"]

1. d4 Nf6 2. Bf4 b6 3. e3 Bb7 4. h3 e6 5. Nf3 c5 6. c3 Be7 7. Bd3 d6 8. Nbd2 Nbd7 9. 0-0 0-0 10. Qc2 Rc8 11. Rfe1 h6 12. Bg3 cxd4 13. exd4 Nd5 14. Qd1 N5f6 15. Qe2 Re8 16. Ba6 Qc7 17. Bxb7 Qxb7 18. Nc4 Qc6 19. Ne3 b5 20. Rac1 Nb6 21. b3 Ne4 22. c4 Nxg3 23. fxg3 bxc4 24. Nxc4 Nxc4 25. Rxc4 Qb6 26. Rec1 Rxc4 27. Rxc4 Bf6 28. Kh2 Qb8 29. Qc2 g6 30. Rc6 d5 31. Rc7 h5 32. h4 Qb6 33. Rc6 Qa5 34. Rc7 Rb8 35. Rc5 Qb4 36. Rc7 Rb7 37. Rc8+ Kg7 38. Qc6 Qe7 39. Qc2 Rd7 40. Qc6 Rb7 41. Qc1 e5 42. dxe5 Bxe5 43. Nxe5 Qxe5 44. Qc5 Rd7 45. Qf8+ Kf6 46. Re8 Re7 47. Rd8 Ke6 48. Rc8 Kf5 49. Rc2 Rc7 50. Rf2+ Ke6 51. Qe8+ Kd6 52. Qd8+ Rd7 53. Rf6+ Kc5 54. Qa5+ Kd4 55. Rf4+ Kd3 56. Qb5+ Kc2 57. Qxd7 f6 58. Qxa7 g5 59. Qf2+ Kc3 60. Qc5+ Kb2 1-0

[Event "Magdeburg Roechling Jubilee 2nd"]
[Site "Magdeburg"]
[Date "2018.03.02"]
[Round "7"]
[White "Adibekian, Roubik"]
[Black "Orlova, Liubov"]
[Result "1-0"]
[WhiteElo "2212"]
[BlackElo "1985"]
[PlyCount "197"]
[EventDate "2018.02.24"]
[EventType "swiss"]
[EventRounds "9"]
[EventCountry "GER"]
[SourceTitle "EXT 2019"]
[Source "ChessBase"]
[SourceDate "2018.10.10"]
[SourceVersion "1"]
[SourceVersionDate "2018.10.10"]
[SourceQuality "1"]

1. d4 Nf6 2. g3 e6 3. Bg2 d5 4. Nf3 Bb4+ 5. c3 Be7 6. 0-0 0-0 7. Nbd2 b6 8. Qc2 Bb7 9. Ne5 Nfd7 10. Ndf3 c5 11. Rd1 cxd4 12. Nxd7 Nxd7 13. cxd4 Rc8 14. Qd3 Rc6 15. Bd2 Qa8 16. Ne1 Rcc8 17. b4 Bf6 18. f4 b5 19. e3 a6 20. Nf3 g6 21. g4 Qb8 22. g5 Bg7 23. h4 f5 24. Kf2 Rc4 25. Bf1 Rfc8 26. Qb3 R4c6 27. a4 bxa4 28. Rxa4 Nb6 29. Ra2 Nc4 30. Be1 Qd6 31. Ne5 Bxe5 32. dxe5 Qc7 33. Rd4 Qb6 34. Qd1 R6c7 35. Qf3 Bc6 36. Kg3 Bb5 37. Bd3 Qc6 38. Rh2 Qb7 39. h5 Rg7 40. h6 Rf7 41. Ra2 Qb6 42. Qf2 Rc6 43. Kf3 Qc7 44. Qe2 Qc8 45. Qd1 Qc7 46. Qb3 Qc8 47. Kf2 Qc7 48. Rc2 Rf8 49. Be2 Rc8 50. Rc1 Qa7 51. Rcd1 Qe7 52. Bf3 Nb6 53. Be2 Rc2 54. R1d2 Rxd2 55. Rxd2 Bxe2 56. Kxe2 Qc7 57. Ra2 Qb7 58. b5 Ra8 59. bxa6 Rxa6 60. Rb2 Qc8 61. Qb4 Qc4+ 62. Qxc4 dxc4 63. Bc3 Kf7 64. Bd4 Nd7 65. Kd2 Ke8 66. Kc3 Rc6 67. Ra2 Rc8 68. Ra7 Kd8 69. Kc2 Rc7 70. Ra6 Ke7 71. Bc3 Rb7 72. Rc6 Nb6 73. Bd4 Nd5 74. Rxc4 Rc7 75. Bc5+ Kd7 76. Kd3 Rb7 77. Ra4 Rb3+ 78. Kc4 Rc3+ 79. Kd4 Rxe3 80. Ra7+ Kc6 81. Bd6 Re4+ 82. Kd3 Nxf4+ 83. Kd2 Nh3 84. Rxh7 Nxg5 85. Rg7 Rh4 86. Rxg6 Ne4+ 87. Ke3 Kd5 88. Bc7 Nc5 89. Kf3 Nd7 90. Kg3 Rh1 91. Kg2 Rh5 92. Rg7 Nxe5 93. h7 Ng4 94. Bd8 Ke4 95. Ra7 Ne3+ 96. Kf2 Nd5 97. Ra4+ Kd3 98. Rh4 Rxh7 99. Rxh7 1-0

[Event "GER-chA Seniors 28th"]
[Site "Niederhausen"]
[Date "2016.08.15"]
[Round "3"]
[White "Orlova, Liubov"]
[Black "Hottes, Dieter"]
[Result "1/2-1/2"]
[WhiteElo "1997"]
[BlackElo "2129"]
[PlyCount "52"]
[EventDate "2016.08.13"]
[EventType "swiss"]
[EventRounds "9"]
[EventCountry "GER"]
[SourceTitle "EXT 2019"]
[Source "ChessBase"]
[SourceDate "2018.10.10"]
[SourceVersion "1"]
[SourceVersionDate "2018.10.10"]
[SourceQuality "1"]

1. d4 Nf6 2. Nf3 g6 3. g3 Bg7 4. Bg2 0-0 5. 0-0 d6 6. c4 Nc6 7. Nc3 Bg4 8. h3 Bxf3 9. Bxf3 Nd7 10. e3 e5 11. d5 Ne7 12. Rb1 f5 13. e4 Nf6 14. Bg2 fxe4 15. Nxe4 Nxe4 16. Bxe4 Nf5 17. b4 Bf6 18. Qg4 Bg7 19. h4 Qe8 20. Kg2 h5 21. Qe2 Kh8 22. Qd3 Qf7 23. Bg5 Kh7 24. Qe2 Bh6 25. Bxh6 Kxh6 26. Qd2+ Kg7 1/2-1/2

[Event "GER-chA Seniors 28th"]
[Site "Niederhausen"]
[Date "2016.08.13"]
[Round "1"]
[White "Orlova, Liubov"]
[Black "Pruefer, Friedbert"]
[Result "0-1"]
[WhiteElo "1997"]
[BlackElo "2188"]
[PlyCount "76"]
[EventDate "2016.08.13"]
[EventType "swiss"]
[EventRounds "9"]
[EventCountry "GER"]
[SourceTitle "EXT 2019"]
[Source "ChessBase"]
[SourceDate "2018.10.10"]
[SourceVersion "1"]
[SourceVersionDate "2018.10.10"]
[SourceQuality "1"]

1. d4 Nf6 2. Nf3 g6 3. g3 Bg7 4. Bg2 d5 5. 0-0 0-0 6. c4 dxc4 7. Na3 c3 8. bxc3 c5 9. Rb1 Nc6 10. Ne5 Nd5 11. Nxc6 bxc6 12. Qc2 Ba6 13. Re1 Qa5 14. Bb2 Rab8 15. e4 Nb6 16. Bf1 Na4 17. Ba1 Nb6 18. Qc1 Bxf1 19. Rxf1 Rfd8 20. Rd1 Qa4 21. Nc2 Qxa2 22. dxc5 Na4 23. Rxd8+ Rxd8 24. Nd4 Nxc3 25. Bxc3 Bxd4 26. Bxd4 Rxd4 27. Ra1 Qe2 28. Qe3 Qc4 29. Rxa7 Qxc5 30. Rd7 e5 31. Re7 Kg7 32. Qb3 Rc4 33. Qb7 Rc1+ 34. Kg2 Qc4 35. Qb2 Qxe4+ 36. Kh3 Qf5+ 37. Kg2 Rc2 38. Qb6 c5 0-1

[Event "BL 1516 (Women)"]
[Site "Germany"]
[Date "2016.03.20"]
[Round "11.6"]
[White "Orlova, Liubov"]
[Black "Nagel, Verena"]
[Result "1-0"]
[WhiteElo "1996"]
[BlackElo "2018"]
[PlyCount "125"]
[EventDate "2015.09.26"]
[EventType "team-tourn"]
[EventRounds "11"]
[EventCountry "GER"]
[SourceTitle "EXT 2017"]
[Source "ChessBase"]
[SourceDate "2016.10.25"]
[SourceVersion "1"]
[SourceVersionDate "2016.10.25"]
[SourceQuality "1"]
[WhiteTeam "Niederwiesa (W)"]
[BlackTeam "Grosslehna (W)"]
[WhiteTeamCountry "GER"]
[BlackTeamCountry "GER"]

1. d4 d5 2. c4 e6 3. Nc3 Nf6 4. Bg5 Be7 5. e3 a6 6. Nf3 0-0 7. Rc1 h6 8. Bh4 Nbd7 9. Bd3 dxc4 10. Bxc4 b5 11. Be2 Bb7 12. 0-0 Rc8 13. a3 Ne4 14. Bxe7 Qxe7 15. Nxe4 Bxe4 16. Nd2 Bh7 17. b4 e5 18. Nb3 Rfd8 19. Na5 Nb8 20. Nb7 Rd7 21. Nc5 Rd6 22. Bg4 Re8 23. Nb7 Rb6 24. Nc5 Kh8 25. dxe5 Qxe5 26. Qb3 Rg6 27. Bf3 Rf6 28. Qd5 Qe7 29. Rfd1 Bf5 30. Qa2 Rg6 31. Rd4 Rd6 32. Rcd1 Red8 33. Qa1 Rxd4 34. Rxd4 Be6 35. Qd1 Rxd4 36. Qxd4 Qd6 37. Qxd6 cxd6 38. Ne4 Kg8 39. Nxd6 Kf8 40. Bb7 f5 41. Bf3 Nd7 42. e4 g6 43. exf5 gxf5 44. Nb7 Ne5 45. Be2 Bc4 46. Kf1 Bxe2+ 47. Kxe2 Nc4 48. Nc5 a5 49. bxa5 Nxa5 50. Ne6+ Ke7 51. Nd4 Nc4 52. Nxb5 Ke6 53. a4 Kd5 54. Nc3+ Kc5 55. Kf3 Ne5+ 56. Kf4 Ng4 57. Kxf5 Nxh2 58. a5 h5 59. Kg5 Ng4 60. Kxh5 Nxf2 61. g4 Kc6 62. g5 Nh3 63. Ne2 1-0

[Event "BL 1516 (Women)"]
[Site "Germany"]
[Date "2015.12.06"]
[Round "4.5"]
[White "Melamed, Tatiana"]
[Black "Orlova, Liubov"]
[Result "1-0"]
[WhiteElo "2296"]
[BlackElo "1996"]
[PlyCount "69"]
[EventDate "2015.09.26"]
[EventType "team-tourn"]
[EventRounds "11"]
[EventCountry "GER"]
[SourceTitle "EXT 2017"]
[Source "ChessBase"]
[SourceDate "2016.10.25"]
[SourceVersion "1"]
[SourceVersionDate "2016.10.25"]
[SourceQuality "1"]
[WhiteTeam "Bad Koenigshofen (W)"]
[BlackTeam "Niederwiesa (W)"]
[WhiteTeamCountry "GER"]
[BlackTeamCountry "GER"]

1. e4 c5 2. Nf3 d6 3. c3 Nf6 4. Bc4 e6 5. Qe2 a6 6. Bb3 Nc6 7. 0-0 Be7 8. d4 0-0 9. dxc5 dxc5 10. e5 Nd7 11. Bc2 Re8 12. Rd1 Qc7 13. Bf4 Nf8 14. Nbd2 b5 15. a4 Rb8 16. axb5 axb5 17. Bg3 Rd8 18. Ne4 Qb6 19. h4 b4 20. Nd6 Bb7 21. h5 Ra8 22. Rxa8 Rxa8 23. h6 g6 24. Qe3 bxc3 25. Qf4 Nd8 26. Bh4 Qb4 27. Nc4 Bd5 28. Bxe7 Nd7 29. bxc3 Qxc4 30. Qxc4 Bxc4 31. Rxd7 Nc6 32. Be4 Bd5 33. Bxd5 exd5 34. Bxc5 Rd8 35. e6 1-0

[Event "BL 1516 (Women)"]
[Site "Germany"]
[Date "2015.12.05"]
[Round "3.5"]
[White "Orlova, Liubov"]
[Black "Belenkaya, Dina"]
[Result "0-1"]
[WhiteElo "1996"]
[BlackElo "2344"]
[PlyCount "68"]
[EventDate "2015.09.26"]
[EventType "team-tourn"]
[EventRounds "11"]
[EventCountry "GER"]
[SourceTitle "EXT 2017"]
[Source "ChessBase"]
[SourceDate "2016.10.25"]
[SourceVersion "1"]
[SourceVersionDate "2016.10.25"]
[SourceQuality "1"]
[WhiteTeam "Niederwiesa (W)"]
[BlackTeam "Friedberg (W)"]
[WhiteTeamCountry "GER"]
[BlackTeamCountry "GER"]

1. d4 d5 2. Nf3 Nf6 3. e3 e6 4. Bd3 c5 5. b3 Be7 6. Bb2 0-0 7. 0-0 b6 8. Nbd2 Bb7 9. Rc1 Nbd7 10. c4 dxc4 11. Nxc4 Rc8 12. Nfe5 Nxe5 13. Nxe5 Rc7 14. Ng4 Qa8 15. Nxf6+ Bxf6 16. Qh5 g6 17. Qg4 Rd7 18. f3 cxd4 19. Qf4 Qd8 20. Rcd1 Bg5 21. Qg3 Bxe3+ 22. Kh1 Qb8 23. Qxb8 Rxb8 24. Rde1 e5 25. Bb5 Rdd8 26. Ba3 a6 27. Be7 Rdc8 28. Bd7 Rc2 29. a4 e4 30. fxe4 Bxe4 31. Bh3 f5 32. Bf6 Re8 33. Bh4 g5 34. Bxf5 Bxg2# 0-1

[Event "GER-chA Seniors 27th"]
[Site "Magdeburg"]
[Date "2015.08.23"]
[Round "9"]
[White "Orlova, Liubov"]
[Black "Klimpel, Siegfried"]
[Result "1-0"]
[WhiteElo "2024"]
[BlackElo "1801"]
[PlyCount "45"]
[EventDate "2015.08.15"]
[EventType "swiss"]
[EventRounds "9"]
[EventCountry "GER"]
[SourceTitle "EXT 2018"]
[Source "ChessBase"]
[SourceDate "2017.10.13"]
[SourceVersion "1"]
[SourceVersionDate "2017.10.13"]
[SourceQuality "1"]

1. d4 d5 2. Nf3 Nf6 3. c4 dxc4 4. Nc3 e6 5. Bg5 Be7 6. e3 Nd5 7. Bxe7 Qxe7 8. Bxc4 Nb6 9. Bb3 Nc6 10. 0-0 Bd7 11. a3 Na5 12. Ba2 Nac4 13. Qe2 Nd6 14. Rac1 c6 15. Ne5 Rd8 16. f4 h5 17. Bb1 Nf5 18. Ne4 Nd5 19. Ng5 Ndxe3 20. Nexf7 Rg8 21. Qxh5 Nxf1 22. Nd6+ Kf8 23. Nh7# 1-0

[Event "GER-chA Seniors 27th"]
[Site "Magdeburg"]
[Date "2015.08.22"]
[Round "8"]
[White "Vovchik, Vladimir"]
[Black "Orlova, Liubov"]
[Result "1/2-1/2"]
[WhiteElo "1849"]
[BlackElo "2024"]
[PlyCount "156"]
[EventDate "2015.08.15"]
[EventType "swiss"]
[EventRounds "9"]
[EventCountry "GER"]
[SourceTitle "EXT 2018"]
[Source "ChessBase"]
[SourceDate "2017.10.13"]
[SourceVersion "1"]
[SourceVersionDate "2017.10.13"]
[SourceQuality "1"]

1. e4 c5 2. Nf3 Nc6 3. d4 cxd4 4. Nxd4 Nf6 5. Nc3 g6 6. Nxc6 bxc6 7. Bd3 Bg7 8. h3 Qc7 9. 0-0 0-0 10. Be3 Rb8 11. Rb1 d5 12. Qc1 dxe4 13. Nxe4 Nd5 14. Bh6 e5 15. Bxg7 Kxg7 16. Bc4 Bf5 17. Ng3 Be6 18. Bb3 a5 19. Re1 f6 20. c4 Nf4 21. Qe3 c5 22. Ne2 Nxe2+ 23. Qxe2 Rfd8 24. f4 Bf5 25. fxe5 fxe5 26. Rbc1 Re8 27. g4 Bd7 28. Qe3 a4 29. Bc2 Rxb2 30. a3 Re7 31. Qc3 Rb8 32. Be4 Rb3 33. Qa1 Rxh3 34. Rc3 Rxc3 35. Qxc3 Bxg4 36. Bd5 Bf5 37. Re2 Qd6 38. Qb2 Qf6 39. Qb8 Qg5+ 40. Kf2 Qh4+ 41. Kg2 Bh3+ 42. Kg1 Qg5+ 43. Kf2 Qf6+ 44. Ke1 Qf1+ 45. Kd2 Qf8 46. Qd6 Bg4 47. Re4 Bf3 48. Re3 Bxd5 49. cxd5 Qf2+ 50. Re2 Qd4+ 51. Ke1 Qa1+ 52. Kf2 Qd4+ 53. Ke1 Rb7 54. Qxe5+ Qxe5 55. Rxe5 Kf6 56. Re6+ Kf5 57. Rc6 Rb3 58. Rxc5 Rxa3 59. Ra5 Ra2 60. Ra7 h5 61. Re7 Rb2 62. Ra7 Rb4 63. d6 Rd4 64. d7 Rxd7 65. Rxd7 g5 66. Rd5+ Kf4 67. Kf2 a3 68. Rd4+ Kf5 69. Ra4 h4 70. Rxa3 g4 71. Kg2 Kf4 72. Ra4+ Kf5 73. Kf2 Kg5 74. Ke3 h3 75. Ra5+ Kh4 76. Kf4 h2 77. Ra8 Kh3 78. Rh8+ Kg2 1/2-1/2

[Event "BL2 Ost 1415 (Women)"]
[Site "Germany"]
[Date "2014.11.29"]
[Round "3.3"]
[White "Weise, Beatrix"]
[Black "Orlova, Liubov"]
[Result "1/2-1/2"]
[WhiteElo "1812"]
[BlackElo "2027"]
[PlyCount "82"]
[EventDate "2014.09.27"]
[EventType "team-tourn"]
[EventRounds "7"]
[EventCountry "GER"]
[SourceTitle "CBM 166 Extra"]
[Source "ChessBase"]
[SourceDate "2015.06.18"]
[SourceVersion "1"]
[SourceVersionDate "2015.06.18"]
[SourceQuality "1"]
[WhiteTeam "Loeberitz (W)"]
[BlackTeam "Niederwiesa (W)"]
[WhiteTeamCountry "GER"]
[BlackTeamCountry "GER"]

1. d4 d5 2. Nf3 Nf6 3. c4 e6 4. Bg5 Be7 5. Nc3 h6 6. Bh4 0-0 7. e3 Ne4 8. Bxe7 Qxe7 9. Bd3 Nxc3 10. bxc3 dxc4 11. Bxc4 Nd7 12. 0-0 c5 13. Qb3 b6 14. Rfe1 Bb7 15. e4 cxd4 16. cxd4 Rac8 17. Rad1 Nf6 18. Bd3 Rfd8 19. Bb1 Qc7 20. Qa3 Qd7 21. Qxa7 Qc7 22. Qa3 Ra8 23. Qb2 Qf4 24. Qd2 Qxd2 25. Rxd2 Rdc8 26. h3 Ra3 27. Rb2 Nd7 28. Nd2 Rac3 29. Nb3 Ba6 30. f3 Bc4 31. Nd2 b5 32. Nxc4 bxc4 33. Rb7 Nf6 34. Rd1 g6 35. Ra7 Rb8 36. d5 exd5 37. exd5 Nxd5 38. Rxd5 Rxb1+ 39. Kh2 Rd3 40. Rc5 Rd4 41. Rac7 Ra1 1/2-1/2

[Event "GER-chA Seniors 26th"]
[Site "Bad Neuenahr"]
[Date "2014.08.08"]
[Round "4"]
[White "Orlova, Liubov"]
[Black "Waagener, Ulrich"]
[Result "1/2-1/2"]
[WhiteElo "2004"]
[BlackElo "2218"]
[PlyCount "114"]
[EventDate "2014.08.05"]
[EventType "swiss"]
[EventRounds "9"]
[EventCountry "GER"]
[SourceTitle "EXT 2018"]
[Source "ChessBase"]
[SourceDate "2017.10.13"]
[SourceVersion "1"]
[SourceVersionDate "2017.10.13"]
[SourceQuality "1"]

1. d4 d5 2. Nf3 c6 3. Bf4 Nf6 4. e3 g6 5. h3 Bf5 6. Bd3 Bg7 7. 0-0 0-0 8. c3 Qc8 9. Qc2 Bxd3 10. Qxd3 Nbd7 11. Nbd2 Re8 12. Rac1 b6 13. c4 Qa6 14. Qb3 Rac8 15. Bh2 e6 16. Ne5 Nxe5 17. Bxe5 c5 18. cxd5 exd5 19. Bxf6 Bxf6 20. Qxd5 cxd4 21. Ne4 Be7 22. Rxc8 Rxc8 23. Qxd4 Qxa2 24. Nf6+ Bxf6 25. Qxf6 Qd5 26. Ra1 Rc6 27. Qf4 a5 28. Ra4 Qd1+ 29. Kh2 Qd6 30. Qxd6 Rxd6 31. b4 Rd5 32. Kg3 Kf8 33. bxa5 bxa5 34. e4 Rc5 35. f4 Ke7 36. Rd4 Rc3+ 37. Kg4 Ra3 38. Rd5 a4 39. Ra5 h5+ 40. Kh4 Kf6 41. Ra6+ Kg7 42. e5 Ra2 43. g4 hxg4 44. hxg4 Kh6 45. Ra7 g5+ 46. fxg5+ Kg6 47. Ra6+ Kg7 48. e6 fxe6 49. Rxe6 Rh2+ 50. Kg3 Rb2 51. Ra6 Rb3+ 52. Kh4 a3 53. g6 Kh6 54. g5+ Kg7 55. Kh5 Rh3+ 56. Kg4 Rb3 57. Kh4 Rc3 1/2-1/2

[Event "GER-chA Seniors 26th"]
[Site "Bad Neuenahr"]
[Date "2014.08.07"]
[Round "3"]
[White "Smits, Oswald"]
[Black "Orlova, Liubov"]
[Result "0-1"]
[WhiteElo "1940"]
[BlackElo "2004"]
[PlyCount "72"]
[EventDate "2014.08.05"]
[EventType "swiss"]
[EventRounds "9"]
[EventCountry "GER"]
[SourceTitle "EXT 2018"]
[Source "ChessBase"]
[SourceDate "2017.10.13"]
[SourceVersion "1"]
[SourceVersionDate "2017.10.13"]
[SourceQuality "1"]

1. d4 Nf6 2. c4 g6 3. Nc3 d5 4. cxd5 Nxd5 5. e4 Nxc3 6. bxc3 Bg7 7. Nf3 0-0 8. Be2 c5 9. 0-0 Qa5 10. Bd2 Bg4 11. c4 Qc7 12. d5 Bxa1 13. Qxa1 f6 14. h3 Bxf3 15. Bxf3 Nd7 16. Be2 Qe5 17. Qb1 b6 18. Bd3 Qd6 19. f4 e5 20. dxe6 Qxe6 21. f5 Qd6 22. fxg6 hxg6 23. Be3 Ne5 24. Be2 Qe6 25. Qc2 Rad8 26. Rf4 Kg7 27. Rf1 Rd7 28. Qc1 Rfd8 29. h4 Nd3 30. Bxd3 Rxd3 31. Bh6+ Kh7 32. h5 g5 33. Bxg5 fxg5 34. Qxg5 Rd1 35. Qf4 Rxf1+ 36. Qxf1 Rd4 0-1

[Event "BL2 Ost 1314 (Women)"]
[Site "Germany"]
[Date "2014.02.15"]
[Round "4.2"]
[White "Orlova, Liubov"]
[Black "Beltz, Martina"]
[Result "0-1"]
[WhiteElo "1989"]
[BlackElo "2090"]
[PlyCount "82"]
[EventDate "2013.11.30"]
[EventType "team-tourn"]
[EventRounds "7"]
[EventCountry "GER"]
[SourceTitle "EXT 2018"]
[Source "ChessBase"]
[SourceDate "2017.10.13"]
[SourceVersion "1"]
[SourceVersionDate "2017.10.13"]
[SourceQuality "1"]
[WhiteTeam "Niederwiesa Gruen Weiss (W)"]
[BlackTeam "Leipzig SG (W)"]
[WhiteTeamCountry "GER"]
[BlackTeamCountry "GER"]

1. d4 d5 2. Nf3 e6 3. e3 Nf6 4. Bd3 Bd6 5. Nbd2 b6 6. b3 Bb7 7. Bb2 Ne4 8. c4 0-0 9. Qc2 f5 10. 0-0 Nd7 11. Ne5 Ndf6 12. f3 Nxd2 13. Qxd2 Qe8 14. Rac1 c5 15. dxc5 bxc5 16. Be2 Rd8 17. Qa5 Qe7 18. Rfd1 d4 19. exd4 cxd4 20. Nd3 e5 21. c5 Bc7 22. Qe1 Nd5 23. c6 Ba8 24. Nf2 Ne3 25. Bc4+ Kh8 26. Rd3 Bxc6 27. Rxe3 dxe3 28. Qxe3 Bb6 29. Qxe5 Qxe5 30. Bxe5 Rd2 31. Rf1 f4 32. h4 Be3 33. a4 Rf5 34. Bc3 Rd8 35. Be6 Rc5 36. Bb4 Rc2 37. h5 Rxf2 38. h6 Rxf3+ 39. Kh2 Rxf1 40. Bc3 Bd4 41. Bc4 Rc1 0-1